| 000 | 00933njm a2200301Ia 4500 | ||
|---|---|---|---|
| 001 | A3802 | ||
| 003 | IT-RoPAU | ||
| 005 | 20220918181216.0 | ||
| 008 | 131025s9999 xx 000 0 und d | ||
| 040 | _aIT-RoPAU | ||
| 040 | _cIT-RoPAU | ||
| 999 |
_c104033 _d104033 |
||
| 999 | _bn.d. | ||
| 100 |
_aMahler Gustav _928101 |
||
| 100 |
_eAutore musica _928102 |
||
| 100 |
_gCodice autore musica SPICS: 4334 _928103 |
||
| 245 | _aSymphony n. 9 (2) | ||
| 250 | _a1a ed. | ||
| 260 | _aENGLAND | ||
| 260 |
_bEMI RECORDS _c1980 [1a Ed.:1980 - Ed. Lingua Orig.: 1908] |
||
| 300 | _aCOMPACT DISC | ||
| 300 | _c43 minuti (Testo: 0 pag.) | ||
| 500 | _aMusica classica, sinfonica | ||
| 505 | _aSinfonia n. 9 | ||
| 511 | _aLondon Philharmonic Orchestra diretta da Tennstedt Klaus | ||
| 650 |
_aSINFONICA [COMPACT DISC] _eCodice MATERIA SPICS: 9949 _916800 |
||
| 700 |
_aTennstedt Klaus _gCodice interprete SPICS: 35246 _eInterprete _928104 |
||
| 942 |
_cCD _2ddc |
||